Ideologie und Utopie (Registro nro. 300959)

Detalles MARC
000 -ENCABEZADO
Número de control [NR] 00952cam a2200277Mu 4500
005 - FECHA Y HORA DE LA ÚLTIMA TRANSACCIÓN
control field 20151006125353.0
008 - DE LONGITUD FIJA DE DATOS DE ELEMENTOS - INFORMACIÓN GENERAL
Elementos de longitud fija [NR] 151006s2015 gw fr 000 0 ger d
020 ## - NUMERO INTERNACIONAL NORMALIZADO PARA LIBROS [R]
Número Internacional Normalizado del libro [NR] 9783465042341
035 ## - NUMERO DE CONTROL DEL SISTEMA [R]
Número de control del sistema [NR] (OCoLC)908610402
040 ## - FUENTE DE CATALOGACION [NR]
Agencia de catalogación original [NR] CO-BoUCM
Idioma de catalogación [NR] spa
Quien Cataloga Sandra Palacio
Quien Clasifica Sandra Palacio
041 0# - CODIGO DE IDIOMA [R]
Código de idioma para texto/pista de sonido o título separado [R] Alemán
100 1# - ASIENTO PRINCIPAL--NOMBRE PERSONAL [NR]
Nombre personal [NR] Mannheim, Karl
Fechas asociadas con el nombre [NR] 1893 - 1947
ID Autoridad 72065
245 10 - MENCION DE TITULO [NR]
Título [NR] Ideologie und Utopie
Mención de responsabilidad, etc. [NR] Karl Mannheim, introducción por Jürgen Kaube
250 ## - MENCION DE EDICION [NR]
Mención de edición [NR] 9a ed
260 ## - PUBLICACION, DISTRIBUCION, ETC. (PIE DE IMPRENTA) [R]
Lugar de publicación, distribución, etc. [R] Hamburgo (Alemania)
Nombre del editor, distribuidor, etc. [R] Klostermann
Fecha de publicación, distribución, etc. [R] 2015
300 ## - DESCRIPCION FISICA [R]
Extensión [R] xvi, 302 páginas
490 1# - MENCION DE SERIE [R]
Mención de serie [R] Klostermann RoteReihe
Designación numérica/secuencial del volumen [NR] 75
ISBN [NR] 1865-7095
504 ## - NOTA DE BIBLIOGRAFIA, ETC. [R]
Nota de bibliografía, etc. [NR] Incluye referencias bibliográficas
650 #7 - ASIENTO SECUNDARIO DE MATERIA - TERMINO TEMATICO [R]
Término temático o nombre geográfico como elemento de entrada [NR] Ideologías políticas
9 (RLIN) 52239
650 #7 - ASIENTO SECUNDARIO DE MATERIA - TERMINO TEMATICO [R]
Término temático o nombre geográfico como elemento de entrada [NR] Sociología del conocimiento
9 (RLIN) 24791
650 #7 - ASIENTO SECUNDARIO DE MATERIA - TERMINO TEMATICO [R]
Término temático o nombre geográfico como elemento de entrada [NR] Sociología
9 (RLIN) 24766
690 ## - ASUNTO AGREGADO LOCAL DE ENTRADA - TÉRMINO TEMÁTICO (OCLC, RLIN)
9 (RLIN) 42754
Acceso temático local Ciencia política
690 ## - ASUNTO AGREGADO LOCAL DE ENTRADA - TÉRMINO TEMÁTICO (OCLC, RLIN)
9 (RLIN) 42914
Acceso temático local Sociología
942 ## - ELEMENTOS DE ENTRADA AGREGADOS (KOHA)
Sistema de clasificación DEWEY
Tema principal Ciencia política
Tipo de ítem principal el descrito en 300a Libro
Edición 9
Clasificación 324.943
Parte restante de la signatura top. M282i
Existencias
Signatura topográfica Código de barras Última vez visto Volúmen / Fascículo Ejemplar Costo de reposición Price effective from Tipo de ítem Perdido Sistema de clasificación Dañado No prestable Tipo de ítem específico Suprimido Ubicación habitual Ubicación actual Localización Fecha de creación Proveedor Forma de adquisición Costo
324.943 M282i 100147737 06/06/2024 9a.Ed. Ej.1 97025.00 22/09/2015 Libro   DEWEY     Libro   Bodega Bodega 3er piso 22/09/2015 15 Compra 97025.00